| 000 | 00774nam a22002295a 4500 | ||
|---|---|---|---|
| 005 | 20081202064115.0 | ||
| 008 | 081025s2008 ii b 001 0 eng | ||
| 010 | _aENG-92894 | ||
| 020 |
_c150.00 _a9788184351156 |
||
| 035 | _aEN-76427 | ||
| 037 | _bDBAD / PUB | ||
| 040 |
_adpl _bEnglish |
||
| 082 | _a572 | ||
| 100 | _aPoline, M. Eathel | ||
| 245 |
_aBiochemistry / _cby M. Eathel Poline |
||
| 260 |
_aDindigul _bAyyanar Book Centre _c2008 |
||
| 270 |
_a14, Dudley School Buildng, _bDindigul _e1 |
||
| 300 |
_ai, 126p.: _c23 cm (pbk) _bill. |
||
| 650 | _aBiochemistry. | ||
| 942 |
_2ddc _cEN _mPOL _h572 |
||
| 999 |
_c23123 _d23123 |
||